| 000 | 00777 a2200193 4500 | ||
|---|---|---|---|
| 003 | Nust | ||
| 005 | 20221228133057.0 | ||
| 040 | _cNust | ||
| 082 | _a297.72, GUI | ||
| 100 |
_aGulzar Ahmed _937486 |
||
| 245 |
_aThe Battles of the prophet of ALLAH/ _cBrigadier (R) Gulzar Ahmed |
||
| 250 | _aVol : II | ||
| 260 |
_aRwp GHQ _bArmy education Press |
||
| 300 | _a282:pages | ||
| 505 | _aThe Period of Consolidation (Page-35), The Peace Treaty of Hunday biya (Page-61), The Battle of Khayber (Page-85), Invitations to Neighbouring Rulers (Page-109), The Battle of Mowta (Page-129), Embassies to Madina and Gazwe-e- Tabuk (Page-197), The Mission is Fulfilled A Prayer (Page-215). | ||
| 600 |
_aGulzar Ahmed _937486 |
||
| 650 |
_aProphet Of ALLAH _9106217 |
||
| 942 |
_2ddc _cBK |
||
| 999 |
_c179195 _d179195 |
||